[Event "Titled Tuesday intern op 24th Oct Late"]
[Site "Chess.com INT"]
[Date "2023.10.24"]
[Round "3"]
[White "Djabri, Massinas"]
[Black "Sanchez Alvares, Kelvin Antonio"]
[Result "0-1"]
[WhiteElo "2256"]
[BlackElo "2236"]
[PlyCount "76"]
[EventDate "2023.10.24"]
[EventType "swiss (blitz)"]
[EventRounds "11"]
[EventCountry "USA"]
[SourceTitle "Mega2024 Update 01"]
[Source "Chessbase"]
[SourceDate "2023.11.12"]
[SourceVersion "1"]
[SourceVersionDate "2023.11.12"]
[SourceQuality "1"]

1. e4 e5 2. Nf3 Nc6 3. Bc4 Bc5 4. 0-0 d6 5. c3 Nf6 6. d4 Bb6 7. dxe5 Nxe5 8. Nxe5 dxe5 9. Qxd8+ Kxd8 10. Bxf7 Rf8 11. Bb3 Nxe4 12. Be3 Bxe3 13. fxe3 Rxf1+ 14. Kxf1 Ke7 15. Bc2 Bf5 16. Ke1 Rd8 17. Na3 Nd6 18. Bxf5 Nxf5 19. Ke2 e4 20. Nc2 Nh4 21. Ne1 c5 22. Rd1 Rxd1 23. Kxd1 Ke6 24. g3 Ng6 25. Ng2 Ne5 26. Nf4+ Kf5 27. Ke2 g5 28. Nd5 Nf3 29. h3 Ng1+ 30. Kf2 Nxh3+ 31. Kg2 g4 32. Ne7+ Ke6 33. Nc8 a6 34. Nb6 Ng5 35. a4 Nf7 36. a5 Ne5 37. Na4 Kd6 38. b3 Nc6 0-1

[Event "Titled Tuesday intern op 24th Oct Late"]
[Site "Chess.com INT"]
[Date "2023.10.24"]
[Round "1"]
[White "Saveliev, Alexei"]
[Black "Djabri, Massinas"]
[Result "1-0"]
[WhiteElo "2366"]
[BlackElo "2256"]
[PlyCount "65"]
[EventDate "2023.10.24"]
[EventType "swiss (blitz)"]
[EventRounds "11"]
[EventCountry "USA"]
[SourceTitle "Mega2024 Update 01"]
[Source "Chessbase"]
[SourceDate "2023.11.12"]
[SourceVersion "1"]
[SourceVersionDate "2023.11.12"]
[SourceQuality "1"]

1. c4 e5 2. Nc3 Nf6 3. Nf3 Nc6 4. e3 Bb4 5. Qc2 0-0 6. Nd5 d6 7. a3 Ba5 8. Bd3 h6 9. b4 Bb6 10. Nxf6+ Qxf6 11. Bb2 Bg4 12. Be4 Rad8 13. h3 Bh5 14. 0-0 Ne7 15. d4 exd4 16. Nxd4 Bg6 17. Nf5 Qe6 18. Nxe7+ Qxe7 19. Bxg6 fxg6 20. Qxg6 Rde8 21. Rad1 Rf7 22. Qg3 Ref8 23. Bd4 c5 24. bxc5 dxc5 25. Be5 Qe6 26. Rd5 g5 27. Rd6 Qxc4 28. Rxh6 Rf5 29. Rg6+ Kh7 30. Rxg5 Rxg5 31. Qxg5 Rf7 32. Qh5+ Kg8 33. Qh8# 1-0

[Event "Guardamar Esphouses op 1st"]
[Site "Guardamar del Segura"]
[Date "2023.09.08"]
[Round "7"]
[White "Akhvlediani, Irakli"]
[Black "Djabri, Massinas"]
[Result "0-1"]
[WhiteElo "2375"]
[BlackElo "2228"]
[PlyCount "108"]
[EventDate "2023.09.04"]
[EventType "swiss"]
[EventRounds "9"]
[EventCountry "ESP"]
[SourceTitle "EXT 2024"]
[Source "ChessBase"]
[SourceDate "2023.10.10"]
[SourceVersion "1"]
[SourceVersionDate "2023.10.10"]
[SourceQuality "1"]

1. d4 Nf6 2. c4 e6 3. Nf3 d5 4. Nc3 Bb4 5. Qa4+ Nc6 6. e3 0-0 7. Qc2 Re8 8. Bd2 a6 9. a3 Bd6 10. cxd5 exd5 11. Bd3 Bg4 12. 0-0 Bxf3 13. gxf3 Ne4 14. Ne2 Qg5+ 15. Kh1 Qh4 16. f4 Nxf2+ 17. Rxf2 Qxf2 18. Ng3 Qf3+ 19. Kg1 g6 20. Rf1 Qg4 21. Kg2 Re7 22. h3 Qh4 23. Qb3 Rae8 24. Rf3 Nxd4 25. exd4 c6 26. Qd1 f5 27. Qg1 Kh8 28. Qf2 Re6 29. Re3 Rxe3 30. Bxe3 Qd8 31. Ne2 Be7 32. Ng1 Bh4 33. Qd2 Qe7 34. Bf2 Bxf2 35. Qxf2 Qe3 36. Bc2 Qc1 37. Bd3 Kg8 38. h4 Re3 39. Bc2 Re7 40. Bd3 Qd1 41. Bc2 Qc1 42. Bd3 Kg7 43. h5 Re8 44. hxg6 hxg6 45. Nf3 Qxf4 46. Ne5 Qg5+ 47. Qg3 Qxg3+ 48. Kxg3 c5 49. Kf4 cxd4 50. Nf3 Re3 51. Bc2 Kf6 52. Nxd4 Rh3 53. Nf3 g5+ 54. Nxg5 Rh4+ 0-1

[Event "Titled Tuesday intern op 08th Aug Late"]
[Site "Chess.com INT"]
[Date "2023.08.08"]
[Round "2"]
[White "Seemann, Jakub"]
[Black "Djabri, Massinas"]
[Result "0-1"]
[WhiteElo "2429"]
[BlackElo "2231"]
[PlyCount "102"]
[EventDate "2023.08.08"]
[EventType "swiss (blitz)"]
[EventRounds "11"]
[EventCountry "USA"]
[SourceTitle "EXT 2024"]
[Source "ChessBase"]
[SourceDate "2023.10.10"]
[SourceVersion "1"]
[SourceVersionDate "2023.10.10"]
[SourceQuality "1"]

1. Nf3 d5 2. g3 Nf6 3. Bg2 c5 4. 0-0 e6 5. d4 cxd4 6. Nxd4 Be7 7. c4 dxc4 8. Qa4+ Nbd7 9. Qxc4 0-0 10. Rd1 Nb6 11. Qc2 Nbd5 12. Nc3 Bd7 13. Nxd5 Nxd5 14. Bxd5 exd5 15. Bf4 Bh3 16. Rac1 Qa5 17. a3 Bf6 18. Qc7 Qa4 19. Qc2 Qa6 20. Qd3 Qb6 21. b4 Rac8 22. Nb3 Rxc1 23. Rxc1 d4 24. Nc5 Qc6 25. f3 Qd5 26. Ne4 Be7 27. Rc7 Re8 28. Qc4 Qxc4 29. Rxc4 Rd8 30. Nf2 Be6 31. Rc7 Rd7 32. Rc8+ Rd8 33. Rxd8+ Bxd8 34. Nd3 Be7 35. Be5 a5 36. Bxd4 axb4 37. axb4 Bc4 38. Bc5 Bf6 39. Kf2 Bc3 40. Ke3 f6 41. Bd6 Kf7 42. Bc5 Ke6 43. Nf4+ Kf7 44. g4 g5 45. Nd3 Ke6 46. Nf2 f5 47. gxf5+ Kxf5 48. Ne4 Be5 49. h3 Bf4+ 50. Kd4 Bxe2 51. Kd5 Bxf3 0-1

[Event "FIDE World Cup"]
[Site "Baku"]
[Date "2023.07.30"]
[Round "1.1"]
[White "Djabri, Massinas"]
[Black "Fressinet, Laurent"]
[Result "0-1"]
[WhiteElo "2231"]
[BlackElo "2652"]
[PlyCount "110"]
[EventDate "2023.07.30"]
[EventType "k.o."]
[EventRounds "8"]
[EventCountry "AZE"]
[SourceTitle "EXT 2024"]
[Source "ChessBase"]
[SourceDate "2023.10.10"]
[SourceVersion "1"]
[SourceVersionDate "2023.10.10"]
[SourceQuality "1"]

1. d4 d5 2. c4 dxc4 3. e3 Nf6 4. Bxc4 e6 5. Nf3 a6 6. 0-0 c5 7. a3 b5 8. Be2 Nbd7 9. a4 b4 10. a5 Bb7 11. Nbd2 Be7 12. Nb3 0-0 13. Bd2 Bd5 14. dxc5 Nxc5 15. Nxc5 Bxc5 16. Qa4 Qb8 17. Nd4 Ne4 18. Rad1 Qb7 19. Be1 Nf6 20. Bf3 Rac8 21. Bxd5 Nxd5 22. Nb3 Bxe3 23. fxe3 Nxe3 24. Rd2 Nxf1 25. Kxf1 Rc4 26. Qd7 Rf4+ 27. Bf2 Qe4 28. Qd3 Qxd3+ 29. Rxd3 Rc8 30. Rd4 Rxd4 31. Bxd4 Rc2 32. Ke1 f6 33. Kd1 Rxg2 34. Nc5 e5 35. Be3 Rxb2 36. Nxa6 b3 37. Kc1 Rxh2 38. Bb6 h5 39. Nb4 Rh4 40. Nd5 Ra4 41. Nc3 Rc4 42. Kb2 h4 43. a6 h3 44. a7 Rc8 45. Ne4 h2 46. Ng3 Ra8 47. Kxb3 f5 48. Kc4 f4 49. Nh1 g5 50. Kd5 g4 51. Ke4 g3 52. Kf3 Kf7 53. Kg2 Ke6 54. Kf3 Kf5 55. Kg2 Kg4 0-1

[Event "Titled Tuesday intern op 11th Jul Early"]
[Site "Chess.com INT"]
[Date "2023.07.11"]
[Round "1"]
[White "Souza, Gustavo Horokoski"]
[Black "Djabri, Massinas"]
[Result "1/2-1/2"]
[WhiteElo "1953"]
[BlackElo "2231"]
[PlyCount "143"]
[EventDate "2023.07.11"]
[EventType "swiss (blitz)"]
[EventRounds "11"]
[EventCountry "USA"]
[SourceTitle "EXT 2024"]
[Source "ChessBase"]
[SourceDate "2023.10.10"]
[SourceVersion "1"]
[SourceVersionDate "2023.10.10"]
[SourceQuality "1"]

1. d4 Nf6 2. c4 e6 3. g3 d5 4. Bg2 dxc4 5. Nf3 c5 6. Qa4+ Nc6 7. 0-0 Bd7 8. dxc5 Bxc5 9. Qxc4 Bb6 10. Nc3 0-0 11. Rd1 Qe7 12. Bg5 Rfd8 13. Na4 Na5 14. Qh4 Bxa4 15. Qxa4 h6 16. Bd2 Nc6 17. Bc3 Nd5 18. Be1 Nc7 19. Rac1 Rxd1 20. Rxd1 Rd8 21. Rxd8+ Qxd8 22. Qc2 Nb5 23. a4 Nbd4 24. Nxd4 Nxd4 25. Qd3 Nc6 26. Bxc6 Qxd3 27. exd3 bxc6 28. Kf1 Kf8 29. Bc3 g6 30. Ke2 Ke7 31. b3 Kd6 32. Bb4+ Kd5 33. Bc3 Bd4 34. Bd2 h5 35. f3 a6 36. g4 Be5 37. h3 Bf6 38. Be1 Be5 39. Bf2 Bf4 40. Bb6 f5 41. Ba7 hxg4 42. hxg4 Be5 43. Bf2 Bd4 44. Be1 Ke5 45. Bg3+ Kf6 46. Bh4+ g5 47. Be1 Ke5 48. Bg3+ Kd5 49. Bc7 Bc3 50. Bd8 fxg4 51. fxg4 e5 52. Bxg5 e4 53. dxe4+ Kxe4 54. Bd2 Bg7 55. g5 c5 56. Bc1 c4 57. bxc4 Bf8 58. g6 Kd4 59. Bb2+ Kxc4 60. g7 Bxg7 61. Bxg7 Kb4 62. Kd2 Kxa4 63. Kc2 Ka3 64. Kb1 a5 65. Ka1 a4 66. Bf8+ Kb3 67. Bg7 Ka3 68. Bf8+ Kb3 69. Bg7 a3 70. Bf8 a2 71. Ba3 Ka4 72. Kxa2 1/2-1/2

[Event "Titled Tuesday intern op 04th Jul Late"]
[Site "Chess.com INT"]
[Date "2023.07.04"]
[Round "1"]
[White "Djabri, Massinas"]
[Black "Domingo Nunez, Alejandro"]
[Result "0-1"]
[WhiteElo "2231"]
[BlackElo "2338"]
[PlyCount "106"]
[EventDate "2023.07.04"]
[EventType "swiss (blitz)"]
[EventRounds "11"]
[EventCountry "USA"]
[SourceTitle "EXT 2024"]
[Source "ChessBase"]
[SourceDate "2023.10.10"]
[SourceVersion "1"]
[SourceVersionDate "2023.10.10"]
[SourceQuality "1"]

1. d4 g6 2. c4 Bg7 3. Nc3 d6 4. e4 Nf6 5. Be2 0-0 6. Nf3 e5 7. 0-0 Nc6 8. d5 Ne7 9. Ne1 Ne8 10. Nd3 f5 11. f3 f4 12. Bd2 g5 13. Rc1 h5 14. c5 Rf6 15. cxd6 cxd6 16. Nf2 Rg6 17. Nb5 Bd7 18. a4 Kh8 19. a5 Ng8 20. Rc3 Nh6 21. h3 Bf8 22. b4 Rg7 23. Qb3 Kg8 24. Rfc1 g4 25. fxg4 hxg4 26. hxg4 Qg5 27. Nh3 Qg6 28. g5 Nf7 29. Nc7 Nxc7 30. Rxc7 Nxg5 31. Nxg5 Qxg5 32. Bf3 b6 33. a6 Qh4 34. b5 Rh7 35. Qc4 Re8 36. Kf1 Ree7 37. Ke2 Reg7 38. Kd3 Qf2 39. Re1 Bh3 40. Rxg7+ Rxg7 41. Re2 Qf1 42. Kc2 Bxg2 43. Bh5 f3 44. Qc8 fxe2 45. Qe6+ Kh7 46. Qh6+ Kg8 47. Qe6+ Rf7 48. Qg6+ Bg7 49. Qxf7+ Qxf7 50. Bxf7+ Kxf7 51. Be1 Bh6 52. Kd3 Bf3 53. Bf2 Bf4 0-1

[Event "Titled Tuesday intern op 04th Jul Late"]
[Site "Chess.com INT"]
[Date "2023.07.04"]
[Round "3"]
[White "Phillips, Rene"]
[Black "Djabri, Massinas"]
[Result "0-1"]
[WhiteElo "1852"]
[BlackElo "2231"]
[PlyCount "48"]
[EventDate "2023.07.04"]
[EventType "swiss (blitz)"]
[EventRounds "11"]
[EventCountry "USA"]
[SourceTitle "EXT 2024"]
[Source "ChessBase"]
[SourceDate "2023.10.10"]
[SourceVersion "1"]
[SourceVersionDate "2023.10.10"]
[SourceQuality "1"]

1. d4 Nf6 2. Bf4 d5 3. e3 c5 4. c3 Nc6 5. Nd2 cxd4 6. exd4 Bf5 7. Qb3 Qb6 8. Ngf3 Qxb3 9. axb3 e6 10. b4 Nh5 11. Bc7 Rc8 12. Bg3 Nxg3 13. hxg3 a6 14. b5 axb5 15. Bxb5 Bd6 16. Ra7 0-0 17. Rxb7 Na5 18. Ra7 Ra8 19. Rxa8 Rxa8 20. Ke2 Rb8 21. Bd3 Bxd3+ 22. Kxd3 Rxb2 23. Ra1 Bc7 24. Ne5 Rxd2+ 0-1

[Event "Titled Tuesday intern op 06th Jun Late"]
[Site "Chess.com INT"]
[Date "2023.06.06"]
[Round "4"]
[White "Djabri, Massinas"]
[Black "Krsnik Cohar, Ivan Vihor"]
[Result "0-1"]
[WhiteElo "2231"]
[BlackElo "2336"]
[PlyCount "82"]
[EventDate "2023.06.06"]
[EventType "swiss (blitz)"]
[EventRounds "11"]
[EventCountry "USA"]
[SourceTitle "EXT 2024"]
[Source "ChessBase"]
[SourceDate "2023.10.10"]
[SourceVersion "1"]
[SourceVersionDate "2023.10.10"]
[SourceQuality "1"]

1. d4 Nf6 2. c4 e6 3. Nf3 Bb4+ 4. Bd2 Qe7 5. a3 Bxd2+ 6. Qxd2 b6 7. Nc3 Bb7 8. Qf4 d6 9. e4 e5 10. dxe5 dxe5 11. Qxe5 Qxe5 12. Nxe5 Nxe4 13. Nxe4 Bxe4 14. c5 0-0 15. 0-0-0 Nc6 16. Nxc6 Bxc6 17. f3 Rfd8 18. Bc4 bxc5 19. Rhe1 Rxd1+ 20. Kxd1 Re8 21. Rxe8+ Bxe8 22. Bd5 Kf8 23. Kd2 Ke7 24. Kc3 Kd6 25. Be4 h6 26. Kc4 a6 27. Bb7 Bb5+ 28. Kc3 g5 29. g3 Ke5 30. b3 f5 31. a4 Bf1 32. a5 f4 33. Be4 fxg3 34. hxg3 h5 35. Bb7 h4 36. f4+ Kf5 37. gxh4 gxh4 38. Kd2 Kxf4 39. Ke1 Bd3 40. Kd2 Be4 41. Bxa6 h3 0-1

[Event "Titled Tuesday intern op 30th May Late"]
[Site "Chess.com INT"]
[Date "2023.05.30"]
[Round "2"]
[White "Bringas Gomez, Artai"]
[Black "Djabri, Massinas"]
[Result "1-0"]
[WhiteElo "2213"]
[BlackElo "2231"]
[PlyCount "109"]
[EventDate "2023.05.30"]
[EventType "swiss (blitz)"]
[EventRounds "11"]
[EventCountry "USA"]
[SourceTitle "CBM 214 Extra"]
[Source "ChessBase"]
[SourceDate "2023.07.31"]
[SourceVersion "1"]
[SourceVersionDate "2023.07.31"]
[SourceQuality "1"]

1. e4 c5 2. Nf3 d6 3. d3 g6 4. Be2 Bg7 5. 0-0 Nf6 6. Re1 0-0 7. c3 Nc6 8. Bf1 a6 9. h3 e5 10. a4 Rb8 11. Na3 h6 12. Nc2 d5 13. exd5 Nxd5 14. Ne3 Nf4 15. Nc4 f6 16. Bxf4 exf4 17. d4 cxd4 18. cxd4 Nb4 19. Qb3 Nd5 20. Bd3 Kh7 21. a5 Bd7 22. Nh4 f5 23. Nf3 Bc6 24. Nfe5 Ne7 25. Rad1 Bd5 26. Qa3 Nc6 27. Nxc6 bxc6 28. Ne5 Rf6 29. Bxa6 Bf8 30. Qd3 Qxa5 31. Bc4 Qb4 32. Bxd5 cxd5 33. Nd7 Rf7 34. Nxb8 Qxb8 35. h4 Qxb2 36. h5 Qb4 37. hxg6+ Kxg6 38. Re6+ Kg7 39. Qa6 Kh7 40. Rde1 Bg7 41. Qc6 Qxd4 42. Qe8 Rf8 43. Qh5 Qd2 44. Re7 f3 45. Qxf3 Qg5 46. Qxd5 Rb8 47. Qd7 Rb2 48. Qd3 Re2 49. R7xe2 Qg6 50. Qf3 Qg5 51. Re6 Qf6 52. Rxf6 Bxf6 53. Qxf5+ Kg7 54. Re6 Kf7 55. Qxf6+ 1-0

[Event "Titled Tuesday intern op 30th May Late"]
[Site "Chess.com INT"]
[Date "2023.05.30"]
[Round "1"]
[White "Djabri, Massinas"]
[Black "Hossain, Enamul"]
[Result "0-1"]
[WhiteElo "2231"]
[BlackElo "2379"]
[PlyCount "74"]
[EventDate "2023.05.30"]
[EventType "swiss (blitz)"]
[EventRounds "11"]
[EventCountry "USA"]
[SourceTitle "CBM 214 Extra"]
[Source "ChessBase"]
[SourceDate "2023.07.31"]
[SourceVersion "1"]
[SourceVersionDate "2023.07.31"]
[SourceQuality "1"]

1. e4 c5 2. Nf3 Nc6 3. Bb5 e5 4. 0-0 Bd6 5. a4 Nf6 6. Re1 0-0 7. c3 a6 8. Bf1 Re8 9. Na3 Bf8 10. Nc4 d6 11. d3 h6 12. Ne3 Be6 13. c4 Rb8 14. Nd5 b5 15. axb5 axb5 16. cxb5 Bxd5 17. exd5 Nd4 18. Nxd4 cxd4 19. Qb3 Qb6 20. f4 Qxb5 21. Qxb5 Rxb5 22. Ra4 Rxd5 23. Be2 Rb5 24. Bf3 Rc8 25. g4 Rb3 26. g5 hxg5 27. fxg5 Nd7 28. Ra7 Nb6 29. Rb7 Rxd3 30. Be4 Rb3 31. Bd5 Nxd5 32. Rxb3 g6 33. Rb7 d3 34. Rf1 Be7 35. b4 Rc2 36. b5 d2 37. Ba3 Ra2 0-1

[Event "Titled Tuesday intern op 25th Apr Late"]
[Site "Chess.com INT"]
[Date "2023.04.25"]
[Round "3"]
[White "Sliwicki, Damian"]
[Black "Djabri, Massinas"]
[Result "1-0"]
[WhiteElo "2158"]
[BlackElo "2231"]
[PlyCount "61"]
[EventDate "2023.04.25"]
[EventType "swiss (blitz)"]
[EventRounds "11"]
[EventCountry "USA"]
[SourceTitle "EXT 2024"]
[Source "ChessBase"]
[SourceDate "2023.10.10"]
[SourceVersion "1"]
[SourceVersionDate "2023.10.10"]
[SourceQuality "1"]

1. e4 c5 2. Nf3 d6 3. d4 cxd4 4. Qxd4 Bd7 5. c4 Nc6 6. Qe3 g6 7. Nc3 Bh6 8. Qd3 Bg7 9. Be2 Nf6 10. h3 Be6 11. Be3 Nd7 12. 0-0 0-0 13. b3 Nde5 14. Nxe5 Nxe5 15. Qd2 f5 16. exf5 Bxf5 17. Bd4 Kh8 18. f4 Nc6 19. Bxg7+ Kxg7 20. g4 Qb6+ 21. Kg2 Bd7 22. Rae1 Nd4 23. Nd5 Bc6 24. Bf3 Bxd5 25. Bxd5 Rae8 26. Qc3 e5 27. fxe5 Rxf1 28. Rxf1 dxe5 29. Rf7+ Kh8 30. Qe3 g5 31. Qxg5 1-0

[Event "Riadh Rapid op"]
[Site "Riadh"]
[Date "2023.03.18"]
[Round "6"]
[White "Djabri, Massinas"]
[Black "Abdellahi, Sidi"]
[Result "1-0"]
[WhiteElo "2231"]
[BlackElo "1782"]
[PlyCount "59"]
[EventDate "2023.03.17"]
[EventType "swiss (rapid)"]
[EventRounds "9"]
[EventCountry "SAU"]
[SourceTitle "CBM 213 Extra"]
[Source "ChessBase"]
[SourceDate "2023.05.31"]
[SourceVersion "1"]
[SourceVersionDate "2023.05.31"]
[SourceQuality "1"]

1. d4 Nf6 2. Bg5 d5 3. e3 Nbd7 4. Nf3 c5 5. c3 h6 6. Bh4 a6 7. Nbd2 e6 8. Bxf6 Nxf6 9. Ne5 Bd6 10. f4 b5 11. a3 Bb7 12. Bd3 Qc7 13. 0-0 0-0 14. Qf3 Rac8 15. g4 Ne4 16. Nxe4 dxe4 17. Bxe4 Bxe4 18. Qxe4 f5 19. Qg2 fxg4 20. Qxg4 Rf6 21. Rf3 Rcf8 22. Rg3 Kh7 23. h4 cxd4 24. exd4 Rxf4 25. Qg6+ Kh8 26. Re1 Bxe5 27. Rxe5 R8f6 28. Qe8+ Kh7 29. Qh5 Qc4 30. Re2 1-0

[Event "Riadh Rapid op"]
[Site "Riadh"]
[Date "2023.03.17"]
[Round "1"]
[White "Algabri, Asma"]
[Black "Djabri, Massinas"]
[Result "1-0"]
[WhiteElo "1583"]
[BlackElo "2231"]
[PlyCount "69"]
[EventDate "2023.03.17"]
[EventType "swiss (rapid)"]
[EventRounds "9"]
[EventCountry "SAU"]
[SourceTitle "CBM 213 Extra"]
[Source "ChessBase"]
[SourceDate "2023.05.31"]
[SourceVersion "1"]
[SourceVersionDate "2023.05.31"]
[SourceQuality "1"]

1. e4 e5 2. Nf3 Nc6 3. Bc4 Be7 4. d4 d6 5. d5 Nd4 6. Nxd4 exd4 7. Qxd4 Bf6 8. Qe3 Ne7 9. Nc3 Ng6 10. Bd2 h6 11. f4 Bg4 12. h3 Bd7 13. 0-0-0 0-0 14. g3 b5 15. Be2 b4 16. Nb1 c5 17. h4 Qa5 18. Bc4 Bd4 19. Qe2 a6 20. c3 bxc3 21. Bxc3 Bxc3 22. Nxc3 Rab8 23. h5 Ne7 24. g4 Qb4 25. Rhg1 Rb7 26. g5 hxg5 27. Rxg5 Rfb8 28. Rd2 a5 29. f5 f6 30. Rg1 Nxf5 31. exf5 Bxf5 32. Rg3 a4 33. Ne4 Qb6 34. h6 Re8 35. Nxf6+ 1-0

[Event "Riadh Rapid op"]
[Site "Riadh"]
[Date "2023.03.17"]
[Round "2"]
[White "Djabri, Massinas"]
[Black "Al Ansi, Amin Hassan"]
[Result "1-0"]
[WhiteElo "2231"]
[BlackElo "1806"]
[PlyCount "49"]
[EventDate "2023.03.17"]
[EventType "swiss (rapid)"]
[EventRounds "9"]
[EventCountry "SAU"]
[SourceTitle "CBM 213 Extra"]
[Source "ChessBase"]
[SourceDate "2023.05.31"]
[SourceVersion "1"]
[SourceVersionDate "2023.05.31"]
[SourceQuality "1"]

1. d4 Nf6 2. c4 e6 3. Nf3 d5 4. Nc3 Be7 5. Bg5 0-0 6. e3 c5 7. dxc5 Bxc5 8. cxd5 exd5 9. Bb5 Bb4 10. 0-0 Bxc3 11. bxc3 Be6 12. Nd4 Bd7 13. Qf3 Bxb5 14. Bxf6 Qxf6 15. Qxf6 gxf6 16. Nxb5 Na6 17. Rfd1 Rfd8 18. Rd4 Nc5 19. Nc7 Rac8 20. Nxd5 Kg7 21. Rg4+ Kh6 22. Ne7 Rd7 23. Nf5+ Kh5 24. Rg7 Ne6 25. g4# 1-0

[Event "Riadh Rapid op"]
[Site "Riadh"]
[Date "2023.03.17"]
[Round "3"]
[White "Nezad, Husein Aziz"]
[Black "Djabri, Massinas"]
[Result "1-0"]
[WhiteElo "2329"]
[BlackElo "2231"]
[PlyCount "73"]
[EventDate "2023.03.17"]
[EventType "swiss (rapid)"]
[EventRounds "9"]
[EventCountry "SAU"]
[SourceTitle "CBM 213 Extra"]
[Source "ChessBase"]
[SourceDate "2023.05.31"]
[SourceVersion "1"]
[SourceVersionDate "2023.05.31"]
[SourceQuality "1"]

1. e4 c5 2. Nf3 e6 3. d4 cxd4 4. Nxd4 a6 5. c4 Nf6 6. Nc3 Qc7 7. Be2 d6 8. 0-0 Nbd7 9. Be3 b6 10. Rc1 Bb7 11. f3 Be7 12. Qe1 0-0 13. Qf2 Rfe8 14. Rfd1 Rac8 15. b4 Qb8 16. Nb3 Bd8 17. g4 h6 18. Bf4 Bc7 19. Qg3 Ne5 20. Bxe5 dxe5 21. Kh1 g6 22. h4 Kg7 23. c5 Rcd8 24. Qf2 Bc8 25. Na4 bxc5 26. bxc5 Qb4 27. Nb6 Bb7 28. Rxd8 Rxd8 29. Rc4 Qa3 30. Ra4 Qb2 31. Kg2 Bc6 32. Rxa6 Nxe4 33. fxe4 Bxe4+ 34. Bf3 Bxf3+ 35. Kxf3 e4+ 36. Kg2 Qe5 37. Kf1 1-0

[Event "Titled Tuesday intern op 14th Feb Late"]
[Site "Chess.com INT"]
[Date "2023.02.14"]
[Round "4"]
[White "Djabri, Massinas"]
[Black "Le Goff, Ronan"]
[Result "0-1"]
[WhiteElo "2257"]
[BlackElo "2330"]
[PlyCount "76"]
[EventDate "2023.02.14"]
[EventType "swiss (blitz)"]
[EventRounds "11"]
[EventCountry "USA"]
[SourceTitle "CBM 212 Extra"]
[Source "ChessBase"]
[SourceDate "2023.03.31"]
[SourceVersion "1"]
[SourceVersionDate "2023.03.31"]
[SourceQuality "1"]

1. d4 Nf6 2. c4 e6 3. Nf3 Bb4+ 4. Bd2 Bxd2+ 5. Qxd2 0-0 6. Nc3 d5 7. e3 c5 8. cxd5 Nxd5 9. dxc5 Nc6 10. Bc4 Nxc3 11. Qxc3 a5 12. 0-0 Qe7 13. Be2 e5 14. Bb5 f6 15. Rfd1 Be6 16. Bxc6 bxc6 17. e4 Rfb8 18. Rd6 Rb4 19. Nd2 Rab8 20. b3 a4 21. bxa4 Bf7 22. Rxc6 Rxa4 23. Rb6 Rc8 24. Nb3 Rc4 25. Qe3 h6 26. h3 Qd7 27. a4 Rxa4 28. Rxa4 Qxa4 29. c6 Rxc6 30. Rxc6 Qxc6 31. Nc5 Kh7 32. Kh2 Bg6 33. g4 Qb5 34. h4 Qf1 35. h5 Bf7 36. Nd3 Bc4 37. Ne1 Be2 38. f3 Qxe1 0-1

[Event "Titled Tuesday intern op 14th Feb Late"]
[Site "Chess.com INT"]
[Date "2023.02.14"]
[Round "1"]
[White "Djabri, Massinas"]
[Black "Roebers, Eline"]
[Result "1-0"]
[WhiteElo "2257"]
[BlackElo "2360"]
[PlyCount "67"]
[EventDate "2023.02.14"]
[EventType "swiss (blitz)"]
[EventRounds "11"]
[EventCountry "USA"]
[SourceTitle "CBM 212 Extra"]
[Source "ChessBase"]
[SourceDate "2023.03.31"]
[SourceVersion "1"]
[SourceVersionDate "2023.03.31"]
[SourceQuality "1"]

1. d4 f5 2. e4 fxe4 3. Nc3 Nf6 4. Bg5 g6 5. f3 d5 6. Bxf6 exf6 7. fxe4 dxe4 8. Nxe4 f5 9. Nc3 Be7 10. Bc4 Nc6 11. Nf3 Na5 12. Bb5+ c6 13. Bd3 0-0 14. Qe2 b5 15. 0-0-0 Ba6 16. Qe6+ Kg7 17. h4 Rf6 18. Qe2 Bd6 19. h5 g5 20. h6+ Kh8 21. Kb1 Qg8 22. Rh5 g4 23. Ne5 Re8 24. Re1 Bxe5 25. dxe5 Nc4 26. Bxc4 bxc4 27. exf6 Rxe2 28. Rxe2 Bc8 29. Rg5 Qf8 30. Rg7 f4 31. f7 Bd7 32. Ne4 f3 33. Ng5 fxe2 34. Rxh7# 1-0

[Event "Titled Tuesday intern op 14th Feb Late"]
[Site "Chess.com INT"]
[Date "2023.02.14"]
[Round "2"]
[White "Simonian, Hrair"]
[Black "Djabri, Massinas"]
[Result "1-0"]
[WhiteElo "2431"]
[BlackElo "2257"]
[PlyCount "47"]
[EventDate "2023.02.14"]
[EventType "swiss (blitz)"]
[EventRounds "11"]
[EventCountry "USA"]
[SourceTitle "CBM 212 Extra"]
[Source "ChessBase"]
[SourceDate "2023.03.31"]
[SourceVersion "1"]
[SourceVersionDate "2023.03.31"]
[SourceQuality "1"]

1. e4 c5 2. Nf3 d6 3. Bb5+ Bd7 4. Bxd7+ Qxd7 5. c4 e5 6. d3 Nc6 7. Nc3 Nd4 8. Rb1 Ne7 9. 0-0 Nec6 10. Nd5 Be7 11. Nxd4 Nxd4 12. b4 b6 13. f4 exf4 14. Bxf4 0-0 15. Rb2 f5 16. Rbf2 fxe4 17. dxe4 Rf7 18. Bg5 Bxg5 19. Rxf7 Qxf7 20. Rxf7 Kxf7 21. Qg4 Bd2 22. Qh5+ Kg8 23. Ne7+ Kh8 24. Ng6+ 1-0

[Event "Titled Tuesday intern op 07th Feb Late"]
[Site "Chess.com INT"]
[Date "2023.02.07"]
[Round "2"]
[White "Vovk, Orest"]
[Black "Djabri, Massinas"]
[Result "1-0"]
[WhiteElo "2315"]
[BlackElo "2257"]
[PlyCount "111"]
[EventDate "2023.02.07"]
[EventType "swiss (blitz)"]
[EventRounds "11"]
[EventCountry "USA"]
[SourceTitle "EXT 2024"]
[Source "ChessBase"]
[SourceDate "2023.10.10"]
[SourceVersion "1"]
[SourceVersionDate "2023.10.10"]
[SourceQuality "1"]

1. h4 e5 2. h5 d5 3. h6 Nxh6 4. d4 Nc6 5. Bxh6 gxh6 6. dxe5 Nxe5 7. Nf3 Nxf3+ 8. gxf3 Bg7 9. c3 d4 10. Bh3 Bxh3 11. Rxh3 Qd7 12. Rg3 Bf6 13. cxd4 0-0-0 14. e3 Rhe8 15. Kf1 h5 16. Nc3 h4 17. Rg4 h5 18. Re4 h3 19. Rxe8 Rxe8 20. Ne4 Be7 21. Qb3 h2 22. Ke2 f5 23. Nc3 f4 24. Qd5 fxe3 25. Qxd7+ Kxd7 26. fxe3 Rg8 27. Rh1 Rg2+ 28. Kd3 Bh4 29. Ne2 Bf2 30. Nf4 Rg1 31. Rxh2 Bg3 32. Rxh5 Bxf4 33. exf4 Rb1 34. Rh2 Ke6 35. Re2+ Kf5 36. Kc2 Ra1 37. a3 Kxf4 38. Re7 Kxf3 39. Rxc7 b5 40. Rxa7 b4 41. a4 Ke4 42. Kb3 Kxd4 43. Kxb4 Kd5 44. Kb5 Kd6 45. b4 Rh1 46. a5 Rh5+ 47. Ka4 Kc6 48. Ra6+ Kc7 49. Rg6 Kb7 50. Rg7+ Kc6 51. b5+ Kc5 52. Rc7+ Kd6 53. Rc6+ Kd5 54. a6 Rh1 55. Ka5 Ra1+ 56. Kb6 1-0